| 000 | 01678nam a2200385 i 4500 | ||
|---|---|---|---|
| 001 | 198423 | ||
| 003 | ES-MaACL | ||
| 005 | 20260603133743.0 | ||
| 007 | ta | ||
| 008 | 260603s1962 sp ||||| |||| 001 1 spa d | ||
| 017 |
_aB 20958-1962 _bOficina Depósito Legal Barcelona |
||
| 040 |
_aES-MaACL _bspa _cES-MaACL _erda |
||
| 080 | _a821.111-31"19"(082.2) | ||
| 100 | 1 |
_aWells, H. G., _d1866-1946 _4aut _9116458 _eaut |
|
| 245 | 1 | 0 |
_aObras completas / _cH.G. Wells ; traducción del inglés por Nellie Manso de Zúñiga (y otros tres) |
| 250 | _aSegunda edición, septiembre | ||
| 264 | 1 |
_aBarcelona : _bPlaza y Janes Editores, |
|
| 264 | 4 | _c©1965 | |
| 300 |
_a2 volúmenes ; _c18 cm |
||
| 336 |
_2rdacontent _aTexto |
||
| 337 |
_2rdamedia _asin mediación |
||
| 338 |
_2rdacarrier _avolumen |
||
| 490 | 0 | _aLos clásicos del siglo XX | |
| 500 | _aRegistro provisional | ||
| 500 | _aÍndice | ||
| 505 | 0 | _aTomo I. La máquina del tiempo ; La isla del doctor Moreau ; El hombre invisible ; La guerra de los mundos ; Cuando el durmiente despierta ; Los primeros hombres en la Luna ; El alimento de los dioses ; La visita maravillosa (XXV, 1564 páginas) -- Tomo II. Los hombres dioses ; El amor y míster Lewisham ; Doce historias y un sueño ; Kipps ; En los días del cometa ; Ana Verónica (1691 páginas) | |
| 655 | 4 |
_aNovelas _9234319 |
|
| 655 | 4 |
_aAntologías _9176540 |
|
| 700 | 1 |
_aManso de Zúñiga, Nellie _4trl _976135 _etrl |
|
| 852 |
_aES-MaACL _cDES _jDB-224 _hDonación: J. Porto _xEncuadernación cartoné |
||
| 942 |
_cMONOGRAFIA _n0 |
||
| 999 |
_c198423 _d198423 |
||